LDR 01508naa#a2200253#i#450# 001 RU\\bibl\121082 005 20260516062451.6 011 ## _a0235-2524 100 ## _a20260512b2026####ek#y0rusy0150####ca 102 ## _aRU 200 1# _aФункции планирования водопользования на оросительных системах с использованием современных IT-технологий _eЖурнальная статья 210 1# _aМосква _cАНО «Редакция журнала «Мелиорация и водное хозяйство» _d2026 215 ## _a0 с. 606 ## _aСельское хозяйство. 35.06.01 _2local 608 ## _aЖурнальная статья _2local 675 ## _aРаспределение воды. Регулирование расхода воды. Водооборот. Повторное использование воды. 626.824 _z 686 ## _aЕстественнонаучные и технические основы сельского хозяйства. 40 _2bbk 686 ## _aСельскохозяйственная мелиорация. 5607 _2tbk 686 ## _aСельскохозяйственная мелиорация. 68.31 _2grnti 700 #1 _aОльгаренко _gВладимир Иванович 700 #1 _aОльгаренко _gИ. В. 700 #1 _aКоржов _gИван Викторович 700 #1 _aОльгаренко _gВладимир Игоревич 856 4# _amivh.editorum.ru _u